000 00806nam a2200229Ii 4500
003 JO-AjNU
008 230605s9999||||xx |||||||||||||| ||und||
017 _a1987/7990
020 _a977-307-120-0
040 _aJO-AjNU
_bara
_erda
_cJO-AjNU
041 _aara
050 1 4 _aDT107.2.F3.A2848 1988
100 3 _aالبكري، خميس,
_eauthor
_913333
245 0 0 _aرشدي فكار في حوار متواصل حول قضايا تراث المسلمين
250 _aط1
264 3 1 _aالقاهرة: مكتبة وهبة، 1988
300 _a208ص
_bملخص باللغة الفرنسية ص 165-196
336 _atext
_btxt
_2rdacontent
337 _aunmediated
_bn
_2rdamedia
338 _avolume
_bnc
_2rdacarrier
650 4 _aالتراث الاسلامي- التاريخ الاسلامي
_913334
999 _aA3293
_c6861
_d6861